000 00537 a2200157 4500
003 Nust
005 20230224121434.0
040 _cNust
082 _a158,STO
100 _aG.F. Stout M.A Camb
_9109564
245 _aManual of Phychology /
_cG.F. Stout M.A Camb
260 _alondon
_bW..Clive
_c1915
300 _axvii,769 p.;
505 _aIntroduction (Page-1), Book I General Analysis (Page-102), Book II Sensation (Page-208), Book III Perception (Page-334), Book IV Ideational and Conceptual Process (Page-528).
942 _2ddc
_cBK
999 _c193809
_d193809